[Event "Ceriano Laghetto op-C 19th"]
[Site "Ceriano Laghetto"]
[Date "2010.03.??"]
[Round "4"]
[White "Zannini, Luigi"]
[Black "Cervi, Massimiliano"]
[Result "1/2-1/2"]
[WhiteElo "1446"]
[BlackElo "1440"]
[PlyCount "152"]
[EventDate "2010.03.??"]
[EventType "swiss"]
[EventRounds "5"]
[EventCountry "ITA"]
[SourceTitle "EXT 2024"]
[Source "ChessBase"]
[SourceDate "2023.10.10"]
[SourceVersion "1"]
[SourceVersionDate "2023.10.10"]
[SourceQuality "1"]

1. e4 c5 2. Nf3 a6 3. Bc4 Nc6 4. a3 d6 5. d3 e6 6. Be3 Nf6 7. Nc3 Be7 8. d4 cxd4 9. Nxd4 0-0 10. Nf3 e5 11. Ng5 b5 12. Ba2 h6 13. Nf3 Bb7 14. Bd5 Qc8 15. Nh4 Re8 16. Nf5 Bf8 17. Qf3 Nd4 18. Nxd4 exd4 19. Bxb7 Qxb7 20. Bxd4 Nxe4 21. Nxe4 Qxe4+ 22. Be3 d5 23. Qxe4 Rxe4 24. 0-0 d4 25. Bd2 Bc5 26. Rfe1 Ree8 27. g3 Rec8 28. Re4 Bb6 29. c3 d3 30. Rd1 Re8 31. Rde1 Red8 32. Re7 Rd6 33. Re8+ Rxe8 34. Rxe8+ Kh7 35. Re4 Rf6 36. Be3 Re6 37. Rxe6 fxe6 38. Bd2 e5 39. Kg2 Kg6 40. Kf3 Kf5 41. g4+ Ke6 42. Ke4 Bxf2 43. Kxd3 Bg1 44. h3 Bh2 45. Ke4 Kd6 46. b3 g5 47. c4 bxc4 48. bxc4 Kc5 49. Kd3 Bf4 50. Bb4+ Kc6 51. Bf8 a5 52. a4 Kb7 53. Bxh6 Kb6 54. Bg7 Kc5 55. Bf6 Kb4 56. h4 gxh4 57. Bxh4 Kxa4 58. g5 Kb4 59. g6 Bh6 60. Be1+ Ka4 61. Bg3 Bg7 62. Be1 Bh8 63. Ke4 Kb3 64. Bxa5 Kxc4 65. Bc7 Bg7 66. Bxe5 Bf8 67. Kf5 Kd5 68. Ba1 Kd6 69. Kf6 Kd7 70. Kf7 Bh6 71. Bg7 Bg5 72. Kg8 Ke7 73. Kh7 Ke8 74. Bh6 Bf6 75. Bg5 Be5 76. Kg8 Bd4 1/2-1/2